| 000 | 01763cam a22005174i 4500 | ||
|---|---|---|---|
| 003 | PE-LiUPU | ||
| 005 | 20250731165514.0 | ||
| 008 | 150623s r 000 0 d | ||
| 020 | _a9972617181 | ||
| 035 | _a(Sirsi) i9789972617188 | ||
| 040 |
_aPE-LiUPU _bspa _cPE-LiUPU _erda |
||
| 049 | _aPRUA | ||
| 082 | 0 | 4 |
_a909.83 _bS54 _221 |
| 110 | 2 | _aEl Comercio, ed. | |
| 245 | 1 | 3 |
_aEl siglo XX de El Comercio : _b1940-1949. _n5. |
| 264 | 1 |
_aLima : _bEl Comercio, Plaza Janés Editores S.A., _c2000. |
|
| 300 |
_a175 páginas : _bilustraciones fotos, gráficos ; _c29 centímetros |
||
| 336 |
_atext _2rdacontent |
||
| 337 |
_aunmediated _2rdamedia |
||
| 338 |
_avolume _2rdacarrier |
||
| 500 | _aIncluye un video. | ||
| 505 | 0 | _aEl siglo XX de El Comercio: 1940-1949. | |
| 526 | _aSEG44 | ||
| 526 | _aSEG26 | ||
| 526 | _aP151 | ||
| 526 | _aP150 | ||
| 526 | _aP149 | ||
| 526 | _aP146 | ||
| 526 | _aP145 | ||
| 526 | _aP126 | ||
| 526 | _aP125 | ||
| 526 | _aP92 | ||
| 526 | _aP75 | ||
| 526 | _aP74 | ||
| 526 | _aP27 | ||
| 526 | _aP15 | ||
| 650 | 0 | 4 | _aEl Comercio (Periódico). |
| 650 | 0 | 4 |
_aNoticias (Periodismo) _zPerú _ySiglo XX. |
| 650 | 0 | 4 |
_aPerú _xHistoria _vEnciclopedias. |
| 942 |
_2ddc _cBOOK |
||
| 949 |
_aRC 909.83 S54 5 _wDEWEY _c1 _i48895 _lCCODEBUL1 _mBUL _r0 _sY _tBOOK _u2015-6-24 _xEDUCACION _zUNKNOWN _0COMPRA _o.CIRCNOTE. No olvidar cambiar la fecha de devolución!!!!!!! _o.STAFF. Colección General |
||
| 994 |
_aC0 _bPEPRU |
||
| 596 | _a1 | ||
| 999 |
_aRC 909.83 S54 5 _wDEWEY _c28053 _i48895 _f2021-11-8 _g5 _lRCG _mBUL _r1 _sY _tBOOK _u2015-6-24 _xBIBLIOTECA _zUNKNOWN _0COMPRA _o.CIRCNOTE. No olvidar cambiar la fecha de devolución!!!!!!! _o.STAFF. Colección General _d28053 |
||
| 980 |
_81 _gALBERTO SANCHEZ Responsable de Automatización |
||